000 00558nam a2200229Ia 4500
003 OSt
005 20220924143125.0
006 a|||||r|||| 00| 0
007 ta
008 220923b |||||||| |||| 00| 0 ori d
024 _a306783
037 _cTextual
040 _aARTS
_cARTS
_bORI
041 _2ORI
_aORI
082 _aV2:51, 1591K2
100 _aDas Kamalakanta
_9214844
245 0 _aKabi Gangadhar
260 _c1962
650 _aHISTORY
942 _hV2:51, 1591K2
_cTEXL
_2CC
999 _c453253
_d453253